| 000 | 00806cam a2200205 4500 | ||
|---|---|---|---|
| 001 | WS114893 | ||
| 008 | 010927n 000 0 eng u | ||
| 035 | _a(Sirsi) u114893 | ||
| 245 | _aIndependent Housing Ombudsman Scheme | ||
| 520 | _aWeb site for this scheme which deals with disputes between landlords and tenants in England. Includes a FAQ page, a database of landlords, a digest of cases considered by the ombudsman and details of the Tenancy Deposit Scheme. | ||
| 650 | _aOMBUDSMAN | ||
| 650 | _aHOUSING ACT 1996 | ||
| 650 |
_aDISPUTE RESOLUTION _96236 |
||
| 650 |
_aLANDLORD AND TENANT _96252 |
||
| 650 | _aLANDLORDS | ||
| 650 | _aTENANCY DEPOSIT SCHEME (TDS) | ||
| 690 | _aHOUSING | ||
| 856 | 4 | 0 |
_uhttps://www.ihos.org.uk _zView the website free of charge at www.ihos.org.uk... |
| 942 | _n0 | ||
| 999 |
_c119924 _d119924 |
||